000 00817nam a22002177a 4500
003 UA-OsUOA
001 80431
007 ta
008 20111208b un ||||| |||| 00| 0 ukr d
090 _a821.161.1
_bГ59
942 _cBK
040 _aUA-OsUOA
_brus
_cUA-OsUOA
_dUA-OsUOA
245 _aГод за годом
_bлитературный ежегодник по материалам журнала "Советит геймланд", Советская Родина, органа Союза писателей СССР
_cПод общей ред. Вергелиса А.
300 _a424 с.
955 _a2
041 _arus
080 _a821.161.1
260 _aМ.
_bСоветский писатель
_c1988
650 7 _a82 Література. Літературознавство
_2UDC
999 _c366736
_d366736